000 00618nam a22001937a 4500
003 OSt
005 20251124095011.0
008 251124b |||||||| |||| 00| 0 eng d
020 _a 9781632407508
040 _aDWCL-Main lib
_cOC
082 _aCirc. 005.11 E78 2018
100 _aHammond, Theodore
245 _aEssentials of software engineering/
_cTheodore Hammond
260 _aN.Y :
_bClanrye International ,
_cc2018.
300 _a238 pages :
_billustrations ;
_c26cm.
504 _aIncludes bibliographical references and index
650 _a1. Software engineering
942 _2ddc
_cBK-CIRC
_kCirc.
_n0
999 _c6045
_d6045